Local governance in developing countries

Gespeichert in:
Bibliographische Detailangaben
Weitere Verfasser: Shah, Anwar
Format: Buch
Sprache:Englisch
Veröffentlicht: Washington, D.C. <The> World Bank 2006
Schriftenreihe:Public sector, governance, and accountability series
Schlagworte:
Tags: Tag hinzufügen
Keine Tags, Fügen Sie das erste Tag hinzu!

MARC

LEADER 00000nam$a2200000$$$4500
001 0048807
005 20240315115528.3
020 |a 0-8213-6565-7 
041 0 |a eng 
044 |a US 
245 1 0 |a Local governance in developing countries  |c edited by: Anwar Shah 
264 1 |a Washington, D.C.  |b <The> World Bank  |c 2006 
300 |a 457 s. 
490 1 |a Public sector, governance, and accountability series 
830 0 |a Public sector, governance, and accountability series 
610 2 0 |a krajiny rozvojové 
610 2 0 |a správa verejná 
610 2 0 |a sektor verejný 
610 2 0 |a služby verejné 
610 2 0 |a problémy spoločenské 
610 2 0 |a zdroje finančné 
610 2 0 |a rozdeľovanie 
610 2 0 |a diskriminácia 
610 2 0 |a správa miestna 
610 2 0 |a vývoj 
610 2 0 |a príjmy 
610 2 0 |a výdavky 
610 2 0 |a organizácie 
610 2 0 |a financie 
610 2 0 |a porovnanie medzinárodné 
700 1 |a Shah, Anwar